书目信息 |
| 题名: |
中国的排污收费:文献篇:1991--1995(上册)
|
|
| 作者: | 国家环境? | |
| 分册: | ||
| 出版信息: | 北京 中国环境科学出版社 1997.09 |
|
| 页数: | 596页 | |
| 开本: | 32开 | |
| 丛书名: | ||
| 单 册: | ||
| 中图分类: | F812.43 | |
| 科图分类: | ||
| 主题词: | 财政 | |
| 电子资源: | ||
| ISBN: | 7-80135-385-4 | |
| 000 | 00630nam0 2200193 45 | |
| 001 | 0007191534 | |
| 005 | 20120312152953.73 | |
| 010 | @a7-80135-385-4@d21.25元 | |
| 100 | @a20000719d1997 km y0chiy0120 ea | |
| 101 | 0 | @achi |
| 105 | @a z 000yy | |
| 200 | 1 | @a中国的排污收费:文献篇:1991--1995(上册)@AZhong Guo De Pai Wu Shou Fei:Wen Xian Pian:1991--1995(Shang Ce)@f国家环境保护局编@FGuo Jia Huan Jing Bao Hu Ju Bian |
| 210 | @a北京@c中国环境科学出版社@d1997.09 | |
| 215 | @a596页@d32开 | |
| 606 | 0 | @a财政 |
| 690 | @aF812.43@v3 | |
| 701 | 0 | @a国家环境? |
| 801 | @aCN@bPftUser@c20000719 | |
| 905 | @b68762-771@dF812.43@eG321:1@f10 | |
| 中国的排污收费:文献篇:1991--1995(上册)/国家环境保护局编.-北京:中国环境科学出版社,1997.09 |
| 596页;32开 |
| ISBN 7-80135-385-4:21.25元 |
| ● |
| 相关链接 |
|
|
|
正题名:中国的排污收费:文献篇:1991--1995(上册)
索取号:F812.43/G321:1
 
预约/预借
| 序号 | 登录号 | 条形码 | 馆藏地/架位号 | 状态 | 备注 |
| 1 | 343311 | 203433114 | 社科库409/400B社科库 2排4列3层/ [索取号:F812.43/G321:1] | 在馆 | |
| 2 | 343312 | 203433123 | 社科库409/400B社科库 2排3列1层/ [索取号:F812.43/G321:1] | 在馆 | |
| 3 | 343313 | 203433132 | 社科库409/409社科库 50排2列1层/ [索取号:F812.43/G321:1] | 在馆 | |
| 4 | 343314 | 203433141 | 社科库409/400B社科库 2排4列3层/ [索取号:F812.43/G321:1] | 在馆 | |
| 5 | 343315 | 203433150 | 社科库409/400B社科库 2排4列3层/ [索取号:F812.43/G321:1] | 在馆 | |
| 6 | 510770 | 205107702 | 社科库409/422社科库 34排2列3层/ [索取号:F812.43/G321:1] | 在馆 | |
| 7 | 510772 | 205107720 | 社科库409/422社科库 34排2列3层/ [索取号:F812.43/G321:1] | 在馆 | |
| 8 | 510774 | 205107748 | 社科库409/422社科库 34排2列3层/ [索取号:F812.43/G321:1] | 在馆 | |
| 9 | 510776 | 205107766 | 社科库409/409社科库 50排2列1层/ [索取号:F812.43/G321:1] | 在馆 | |
| 10 | 510778 | 205107784 | 社科库409/422社科库 34排2列3层/ [索取号:F812.43/G321:1] | 在馆 |